Synthetic rubber market activities (Record no. 70175)

MARC details
000 -LEADER
fixed length control field 00317nam a2200121Ia 4500
245 #0 - TITLE STATEMENT
Title Synthetic rubber market activities
260 ## - PUBLICATION, DISTRIBUTION, ETC. (IMPRINT)
Name of publisher IRSG Rubber Industry Report
Year of publication 2002
300 ## - PHYSICAL DESCRIPTION
Number of Pages 24-27
650 ## - SUBJECT ADDED ENTRY--TOPICAL TERM
Topical Term Market activities
650 ## - SUBJECT ADDED ENTRY--TOPICAL TERM
Topical Term Synthetic rubber
942 ## - ADDED ENTRY ELEMENTS (KOHA)
Koha item type Journals
Holdings
Withdrawn status Lost status Damaged status Not for loan Home library Current library Shelving location Date acquired Serial Enumeration / chronology Koha item type
      Journals RRII Library RRII Library Agricultural economics 26/11/2002 Volume 2, Issue 5 Journals